| 000 | 01017nam a22002297a 4500 | ||
|---|---|---|---|
| 005 | 20230623143306.0 | ||
| 008 | s2545 th tha d | ||
| 041 | _atha | ||
| 050 | _aHD69.P75 ส838ก 2545 | ||
| 100 | 0 | _aสุภาพร พิศาลบุตร | |
| 245 | 1 | 0 | _aการวางแผนและการบริหารโครงการ / สุภาพร พิศาลบุตร |
| 260 | 3 |
_aกรุงเทพฯ : _bสถาบันราชภัฏสวนดุสิต, _c2545 |
|
| 300 |
_a230 หน้า : _b ตาราง ; _c 26 ซม. |
||
| 650 | 0 | 4 | _aการบริหารโครงการ |
| 650 | 0 | 4 | _aการเขียนโครงการ |
| 650 | 0 | 4 | _aการวางแผน |
| 650 | 0 | 4 | _aโครงการ -- การประเมิน |
| 850 | _aNALT | ||
| 942 |
_cGB _03 |
||
| 997 | _c000000000011717 | ||
| 998 |
_aBENJALUCK _j8 _k นายบัณฑิต อุทาวงค์ |
||
| 999 |
_c11717 _d11717 |
||